| 000 | 00378nam a2200145Ia 4500 | ||
|---|---|---|---|
| 003 | LK-CoDNM | ||
| 008 | 010623t1919 xxu||||| |||| 00| 1 eng d | ||
| 040 |
_aLK-CoDNM _dLK-CoDNM _eLK-CoDNM |
||
| 041 | _aeng | ||
| 080 |
_a50 _bD12 |
||
| 245 | _aBlue White : St.Joseph's College Magazine | ||
| 260 |
_bMessenger Press _aColombo _c1919 |
||
| 300 | _b130p,11ill., 23 cm | ||
| 942 | _cBK | ||
| 999 |
_c89644 _d89644 |
||